000 00515nam a2200193Ia 4500
005 20250326142121.0
008 250326s9999 xx 000 0 und d
037 _aTextbook
040 _aFMSL
_beng
_cFMSL
041 _aeng
_2eng
084 _aX:513 M4
_qFMSL
100 _aBolen William H
_9313756
245 0 _aAdvertising
_cBolen William H
250 _a2nd
260 _aNew York
_bNew York, Johan Wiley & Sons
_c1984
300 _a665p
942 _cTB
_hX:513 M4
999 _c1293519
_d1293519